Statistics for Guess the Vortex on the World Map #1

Click here to take the quiz!

General Stats

  • This quiz has been taken 26 times
  • The average score is 82 of 196

Answers on the Map

Answers color-coded by a green-red scale on the quiz's map according to % correct below.
 

Answer Stats

Country% Correct
United States
94%
Russia
83%
Canada
78%
India
72%
Mexico
72%
United Kingdom
72%
Brazil
67%
China
67%
Australia
61%
France
61%
Italy
61%
Japan
61%
Spain
61%
Bangladesh
56%
Bhutan
56%
Democratic Republic
of the Congo
56%
Egypt
56%
Indonesia
56%
Nepal
56%
Niger
56%
South Africa
56%
Sudan
56%
Sweden
56%
Algeria
50%
Argentina
50%
Chad
50%
Denmark
50%
Finland
50%
Greece
50%
Ireland
50%
Kazakhstan
50%
Libya
50%
Mali
50%
Mongolia
50%
Nigeria
50%
Republic of the Congo
50%
Thailand
50%
Vietnam
50%
Afghanistan
44%
Andorra
44%
Brunei
44%
Bulgaria
44%
Burkina Faso
44%
Cambodia
44%
Central African Republic
44%
Chile
44%
Colombia
44%
Cuba
44%
Dominican Republic
44%
Ethiopia
44%
Ghana
44%
Iceland
44%
Iran
44%
Iraq
44%
Kenya
44%
Kiribati
44%
Laos
44%
Madagascar
44%
Maldives
44%
Morocco
44%
Myanmar
44%
New Zealand
44%
Norway
44%
Panama
44%
Papua New Guinea
44%
Philippines
44%
Romania
44%
Saudi Arabia
44%
Senegal
44%
Singapore
44%
Solomon Islands
44%
South Korea
44%
South Sudan
44%
Taiwan
44%
Tunisia
44%
Turkey
44%
Ukraine
44%
Armenia
39%
Austria
39%
Azerbaijan
39%
Bahamas
39%
Belgium
39%
Burundi
39%
Cameroon
39%
Cyprus
39%
Djibouti
39%
East Timor
39%
Federated States of
Micronesia
39%
Fiji
39%
Gambia
39%
Georgia
39%
Germany
39%
Israel
39%
Jordan
39%
Kyrgyzstan
39%
Lebanon
39%
Lesotho
39%
Malaysia
39%
Malta
39%
Marshall Islands
39%
Moldova
39%
Monaco
39%
Namibia
39%
Nauru
39%
Netherlands
39%
North Korea
39%
Pakistan
39%
Palau
39%
Peru
39%
Portugal
39%
Rwanda
39%
Samoa
39%
San Marino
39%
Seychelles
39%
Slovenia
39%
Somalia
39%
Sri Lanka
39%
Syria
39%
Tajikistan
39%
Tanzania
39%
Togo
39%
Tonga
39%
Turkmenistan
39%
Tuvalu
39%
Uganda
39%
United Arab Emirates
39%
Uzbekistan
39%
Vatican City
39%
Albania
33%
Angola
33%
Antigua and Barbuda
33%
Bahrain
33%
Barbados
33%
Belarus
33%
Belize
33%
Benin
33%
Bolivia
33%
Bosnia and
Herzegovina
33%
Botswana
33%
Cape Verde
33%
Comoros
33%
Costa Rica
33%
Croatia
33%
Czech Republic
33%
Dominica
33%
Ecuador
33%
El Salvador
33%
Equatorial Guinea
33%
Eritrea
33%
Estonia
33%
Eswatini
33%
Gabon
33%
Grenada
33%
Guatemala
33%
Guinea
33%
Guinea-Bissau
33%
Guyana
33%
Haiti
33%
Honduras
33%
Hungary
33%
Ivory Coast
33%
Jamaica
33%
Kosovo
33%
Kuwait
33%
Latvia
33%
Liberia
33%
Liechtenstein
33%
Lithuania
33%
Luxembourg
33%
Malawi
33%
Mauritania
33%
Mauritius
33%
Montenegro
33%
Mozambique
33%
Nicaragua
33%
North Macedonia
33%
Oman
33%
Paraguay
33%
Poland
33%
Qatar
33%
Saint Kitts and Nevis
33%
Saint Lucia
33%
Saint Vincent and the
Grenadines
33%
São Tomé and Príncipe
33%
Serbia
33%
Sierra Leone
33%
Slovakia
33%
Suriname
33%
Switzerland
33%
Trinidad and Tobago
33%
Uruguay
33%
Vanuatu
33%
Venezuela
33%
Yemen
33%
Zambia
33%
Zimbabwe
33%

Score Distribution

Percentile by Number Answered

Percent of People with Each Score

Your Score History

You have not taken this quiz